000 01065pam a2200301 a 4500
001 2581090
003 OSt
005 20170203191058.0
008 961022s1997 enka b 001 0 eng c
010 _a 96039361
020 _a0521461804 (hardback)
020 _a0521467381 (pbk.)
040 _aDNLM/DLC
_cDLC
_dDLC
050 0 0 _aRB113
_b.M38 1997
060 1 0 _aQZ 140 M486 1997
082 0 0 _aQZ 140
_bMEC 1997
100 _aEdited by S. Tomlinson, A.M.; Heagerty, A.P. Weetman.
_911496
245 0 0 _aMechanisms of Disease :
_ban introduction to clinical science
260 _bCambridge University Press,
_c1997.
300 _axvii, 513 p. :
_bill. ;
_c26 cm.
504 _aIncludes bibliographical references and index.
650 1 2 _aDisease Mechanisms
_92376
650 2 2 _aPathology
_99293
856 4 2 _3Publisher description
_uhttp://www.loc.gov/catdir/description/cam028/96039361.html
856 4 1 _3Table of contents
_uhttp://www.loc.gov/catdir/toc/cam026/96039361.html
906 _a7
_bcbc
_corignew
_d1
_eocip
_f19
_gy-gencatlg
942 _2ddc
_cO_SHELF
999 _c4307
_d4307